Pixel Gun 3D Weapon Quiz #1 - Statistics

General Stats
  • This quiz has been taken 184 times
  • The average score is 6 of 15
Answer Stats
Hint Answer % Correct
A sniper that shoots a green wall-break laser Anti-Hero Rifle
82%
A sniper that shoots a purple wall-break laser Prototype
63%
A heavy shaped like an oven, in the Big B set event Big B's Oven
46%
A cyber-themed primary shotgun that deals a HUGE amount of damage Ultimatum
42%
Back-up weapon that shoots a blue laser. Extra hint: NOT the Laser Cycler Exterminator
41%
A special prehistoric-themed weapon that shoots poisonous darts Poison Darts
38%
The back-up gun of an aliens Alien Gun
35%
Remodel of the weapon above, but shoots a bigger orange laser Thunderer
34%
Primary that has a fire rate of 100 _______ _____ Cannon Crystal Laser
33%
A space-themed sniper that shoots a pink laser and can ricochet Comet
29%
Christmas-themed sniper that shoots a regular bullet. Extra hint: belongs to an elf Elf's Revenge
24%
A special that shoots nails Nail Mini gun
23%
Cyber-themed primary that shoots in three directions Rude Bully
23%
Colorful Halloween-themed automatic primary Hellraiser
21%
A primary where a little sheep shoots a gun where you point it Frank Sheepone
18%
No matching quizzes found
Score Distribution
Percent of People with Each Score
Percentile by Number Answered
Your Score History
You have not taken this quiz